Phong cách học tiếng Việt

NV Ngôn ngữ báo chí ; NV Ngữ pháp văn bản và Phong cách học; NV Phong cách học tiếng Việt; NV Tiếng Việt Thực Hành; NV Ngôn ngữ văn chương

Đã lưu trong:
Sonraí Bibleagrafaíochta
Príomhúdar: Đinh, Trọng Lạc
Údair Eile: Nguyễn, Thái Hòa
Formáid: Leabhar
Teanga:Undetermined
Foilsithe: H. Giáo dục 2009
Ábhair:
Rochtain Ar Líne:http://lrc.tdmu.edu.vn/opac/search/detail.asp?aID=2&ID=7542
Clibeanna: Cuir Clib Leis
Gan Chlibeanna, Bí ar an gcéad duine leis an taifead seo a chlibeáil!
Thư viện lưu trữ: Trung tâm Học liệu Trường Đại học Thủ Dầu Một
LEADER 00855nam a2200217Ia 4500
001 TDMU_7542
008 210410s9999 xx 000 0 und d
082 |a 495.922 
090 |b Đ312 
100 |a Đinh, Trọng Lạc 
245 0 |a Phong cách học tiếng Việt 
245 0 |c Đinh Trọng Lạc, Nguyễn Thái Hòa 
260 |a H. 
260 |b Giáo dục 
260 |c 2009 
300 |a 319 tr. 
520 |a NV Ngôn ngữ báo chí ; NV Ngữ pháp văn bản và Phong cách học; NV Phong cách học tiếng Việt; NV Tiếng Việt Thực Hành; NV Ngôn ngữ văn chương 
650 |a Tiếng Việt 
700 |a Nguyễn, Thái Hòa 
856 |u http://lrc.tdmu.edu.vn/opac/search/detail.asp?aID=2&ID=7542 
980 |a Trung tâm Học liệu Trường Đại học Thủ Dầu Một